000 05081nab a2200301 i 4500
003 BR-BrBNA
005 20241108165814.0
008 241108b2016 bl.mr|pooa||| 00| 0 eng |
040 _aBR-BrBNA
_beng
072 _aL70
_b5400
100 _aCardoso, Helena Mondardo
100 _aPadilha, Vanessa Sasso
100 _aTocheto, Ronise
100 _aRegalin, Douglas
100 _aGehrcke, Martielo Ivan
100 _aOleskovicz, Nilson
245 _aElectrocardiographic, echocardiographic, and indirect blood pressure evaluation in dogs subjected to different sedation protocols
500 _aPublicação on-line; 21 ref.; 3 tables; Sumaries (En, Pt)
520 _a ABSTRACT - The present study aimed to evaluate the effects of different sedation protocols on blood pressure and echocardiographic and electrocardiographic parameters in dogs. In total, 24 male mixed-breed dogs with a mean weight of 9.87±3.0kg were used.Animals were randomly divided into four groups (n=6), which were subjected to sedation using the following protocols: acepromazine (0.05mgkg-1) and butorphanol (0.3mgkg-1) (AB); acepromazine (0.05mgkg-1) and methadone (0.5mgkg-1) (AM); acepromazine (0.03mgkg-1), methadone (0.5mgkg-1), and midazolam (0.3mgkg-1)(MAM); and methadone only (0.5mgkg-1) (M). Indirect blood pressure (BP) measurements and computerized electrocardiography (ECG) and echocardiography (ECO) were performed immediately before the application of the sedation protocol (baseline), and the same evaluations were repeated after 15 minutes. BP decreased in groups AB, MAM, and AM compared to baseline values. Electrocardiographic measurements showed decreased heart rates (HRs) after sedation in all groups, and bradycardia was observed after sedation in two dogs from group M and one animal from group AM. The P-wave duration increased after sedation in groups AM and M. After sedation, no changes in cardiac dimensions were revealed byECO.Fractional shortening (FS) decreased after sedation in the AM group, and dogs from group AB exhibited a smaller decrease in FS compared with the other groups. The cardiac index (CI) was lower in groups AM and M than in the other groups. Animals from group AB were less resistant to examination and exhibited the most favorable sedation scores. It was concluded that the combination of acepromazine and butorphanol was the best sedation protocol for performing echocardiogram measurementsbecause dogs were less resistant to examinations and echocardiographic parameters of FS and CI remained stable. Key words: cardiac evaluation, butorphanol, acepromazine, methadone, midazolam.
520 _a RESUMO - O objetivo deste estudo foi avaliar os efeitos de diferentes protocolos de sedação sobre a pressão arterial, parâmetros ecocardiográficos e eletrocardiográficos em cães. Foram utilizados 24 cães, machos, SRD, com peso médio de 9,87±3,0kg, os quais foram alocados aleatoriamente em quatro grupos (n=6), que foram submetidos à sedação com os protocolos acepromazina (0,05mgkg-1) e butorfanol (0,3mgkg-1) (AB), acepromazina (0,05mgkg-1) e metadona (0,5mgkg-1) (AM), acepromazina (0,03mgkg-1), metadona (0,5mgkg-1) e midazolam (0,3mgkg-1) (MAM) e metadona isolada (0,5mgkg-1) (M). Foi realizada avaliação da pressão arterial sistólica (PAS) não invasiva, eletrocardiografia computadorizada e ecocardiografia imediatamente antes da aplicação do protocolo de sedação (basal) e repetindose as mesmas avaliações, 15 minutos após. Observou-se redução na PAS nos grupos AB, MAM, AM, em relação ao basal. Na eletrocardiografia, houve redução da FC após sedação em todos grupos, sendo observada bradicardia após sedação em dois cães do grupo M e um animal do grupo AM. A duração da onda P aumentou após sedação nos grupos AM e M. Não foram observadas alterações nas dimensões cardíacas, avaliadas pela ecocardiografia, após sedação. A fração de encurtamento (FS) reduziu após sedação no AM e os cães do AB apresentaram menor queda da FS, diferindo dos demais grupos. O índice cardíaco (IC) foi menor no AM e M em relação aos demais. Os animais do grupo AB foram menos resistentes à execução dos exames, apresentando melhores escores de sedação. Concluiu-se que a associação acepromazina e butorfanol foi o melhor protocolo de sedação para realização do ecocardiograma, sendo os cães menos resistentes à execução do exame, mantendo estáveis os parâmetros ecocardiográficos de fração de encurtamento e índice cardíaco. Palavras-chave: avaliação cardíaca, butorfanol, acepromazina, metadona, midazolam.
650 _aCÃO
650 _aAPARELHO CIRCULATÓRIO
650 _aVETERINÁRIA
773 0 _02408
_9314933
_dSanta Maria-RS Universidade Federal de Santa Maria - Centro de Ciências Rurais 1991
_o2024-1184
_tCiência Rural (Brazil)
_x0103-8478
_gv. 46(11) p. 2043-2048; (2016)
_wBR2024001834
856 _uhttps://www.scielo.br/j/cr/a/SsZVGKTrTn9fNdV3nrmg95J/?format=pdf&lang=en
942 _cANA
999 _c328529
_d328529